00465nam a2200145Ia 4500008004100000041000800041082001200049100001700061245004500078260003300123300003200156365000700188999000900195952011500204240624s9999 xx 000 0 und d aeng a658 KUM aKUMAR SHARAT aMIND YOUR MANAGEMENT SOURCE OF THOUGHT A c2002aNew DelhibExcel Books axxiv, : 153 : p. : cm. ; 23 cRS c7d7 00104070aIMTNbIMTNcRack 22-Bd2004-10-20eJBDg325.00o658 KUMp7r2024-06-24 00:00:00t1w2024-06-24yBK